| 000 | 00466nam a2200157Ia 4500 | ||
|---|---|---|---|
| 008 | 210716s2018 xx 000 0 und d | ||
| 020 | _a9788126573370 | ||
| 041 | _aeng | ||
| 082 | _a658.4012 ANGD | ||
| 100 | _aAngwin, Duncan;Cummings, Stephen. | ||
| 245 | _aEssentials of strategy: the strategy pathfinder core concepts and live cases. | ||
| 250 | _a3 | ||
| 260 |
_aNew Delhi _bWiley India Pvt Ltd _c2018 |
||
| 300 | _axxi,440 | ||
| 650 | _aStrategic Management | ||
| 999 |
_c210825 _d210825 |
||